| 000 | 01486cam a22004454i 4500 | ||
|---|---|---|---|
| 003 | PE-LiUPU | ||
| 005 | 20250731184522.0 | ||
| 008 | 150617s r 000 0 d | ||
| 035 | _a(Sirsi) a18781 | ||
| 040 |
_aPE-LiUPU _bspa _cPE-LiUPU _erda |
||
| 049 | _aPRUA | ||
| 082 | 0 | 4 |
_a985.071 _bT499a _223 |
| 100 | 1 |
_aThorndike Losada, Guillermo, _d1940- _eautor. |
|
| 245 | 1 | 3 |
_aEl Año de la barbarie : _bPerú 1932 / _cGuillermo Thorndike Losada. |
| 250 | _aCuarta edición. | ||
| 264 | 1 |
_aLima : _bMosca Raúl editores, _c1977. |
|
| 300 |
_a282 páginas ; _c20 centímetros. |
||
| 336 |
_atext _2rdacontent |
||
| 337 |
_aunmediated _2rdamedia |
||
| 338 |
_avolume _2rdacarrier |
||
| 500 | _aReferente a la Revolución de Trujllo. | ||
| 505 | 0 | _aBúfalo -- Vivo o muerto -- Haya de la Torre -- Sánchez Cerro -- Elecciones -- La represión -- Una fría noche de julio -- El asalto -- El ataque al ejército -- La masacre -- Bombas y lucha -- La captura de Trujillo -- Los fusilamientos -- La revolución de Jiménez -- Muerte para un dictador. | |
| 526 | _aP136 | ||
| 526 | _aP135 | ||
| 526 | _aP134 | ||
| 526 | _aP133 | ||
| 526 | _aP144 | ||
| 526 | _aP143 | ||
| 526 | _aP87 | ||
| 526 | _aP35 | ||
| 526 | _aP20 | ||
| 526 | _aP14 | ||
| 526 | _aP10 | ||
| 526 | _aP06 | ||
| 651 | 4 |
_aPerú _xHistoria _yRevolución de Trujillo, 1932. |
|
| 910 | _ajck | ||
| 942 |
_2ddc _cBK |
||
| 999 |
_c18511 _d18511 |
||
| 980 |
_81 _gALBERTO SANCHEZ Responsable de Automatización |
||